000 00505nam a2200169Ia 4500
999 _c1052
_d1052
003 OSt
005 20200922114751.0
008 190216s9999||||xx |||||||||||||| ||und||
040 _coclc
082 _a581
_bSAX/T
100 _aSaxena, Arjun Kishore
_94779
245 0 _aA Textbook Of Botany:
_bEmbryophyta /
_cArjun Kishore Saxena ; R P Sarbhai
260 _bRatan Prakashan Mandir,
_c1968.
_aAgra:
300 _a451p
650 _aBotany
942 _cBK
_2ddc
_h581
_iSAX/T
_k581
_mSAX/T